Судебно-трасологическая экспертиза. Вып. 5: [Экспертиза механических повреждений одежды (Запись № 7907440)

Подробности
000 -МАРКЕР
контрольное поле 02068nam2a22003371 4500
001 - ИДЕНТИФИКАТОР ЗАПИСИ
контрольное поле rc\3717769
005 - ИДЕНТИФИКАТОР ВЕРСИИ
контрольное поле 20250610113057.0
035 ## - ДРУГИЕ СИСТЕМНЫЕ НОМЕРА
Идентификатор записи (NLR Aleph) 007879250
100 ## - ДАННЫЕ ОБЩЕЙ ОБРАБОТКИ
Данные общей обработки 20130115d1973 |||y0rusy50 ca
101 0# - ЯЗЫК РЕСУРСА
Язык текста, звукозаписи и т.д. русский
102 ## - СТРАНА ПУБЛИКАЦИИ ИЛИ ПРОИЗВОДСТВА
Страна публикации Российская Федерация
105 ## - ПОЛЕ КОДИРОВАННЫХ ДАННЫХ: ТЕКСТОВЫЕ МАТЕРИАЛЫ, МОНОГРАФИЧЕСКИЕ
Кодированные данные о монографическом текстовом документе a z |||||
200 1# - ЗАГЛАВИЕ И СВЕДЕНИЯ ОБ ОТВЕТСТВЕННОСТИ
Основное заглавие [Экспертиза механических повреждений одежды
210 ## - ПУБЛИКАЦИЯ, РАСПРОСТРАНЕНИЕ И ДР.
Дата издания, распространения и т.д. 1973
Место издания, распространения и т.д. Б. м.
215 ## - ФИЗИЧЕСКАЯ ХАРАКТЕРИСТИКА
Специфическое обозначение материала и объем 79 с.
Другие сведения о физической характеристике ил.
320 ## - ПРИМЕЧАНИЯ О НАЛИЧИИ В ДОКУМЕНТЕ БИБЛИОГРАФИИ / УКАЗАТЕЛЯ
Текст примечания Библиогр. в конце глав
333 ## - ПРИМЕЧАНИЯ ОБ ОСОБЕННОСТЯХ РАСПРОСТРАНЕНИЯ И ИСПОЛЬЗОВАНИЯ
Текст примечания Для служебного пользования. Экз. № 00005
423 #0 - ИЗДАЕТСЯ В ОДНОЙ ОБЛОЖКЕ ВМЕСТЕ С ...
Встроенное поле 1010#$arus
-- 2001#$aДругие случаи трасологической экспертизы$fПодгот. кандидаты юрид. наук Х.М. Тахо-Годи, М.И. Розанов, Ю.П. Голдованский]
Заглавие Другие случаи трасологической экспертизы
423 #0 - ИЗДАЕТСЯ В ОДНОЙ ОБЛОЖКЕ ВМЕСТЕ С ...
Встроенное поле 1010#$arus
-- 2001#$aУстановление целого по частям
Заглавие Установление целого по частям
461 #0 - УРОВЕНЬ НАБОРА
Встроенное поле 001rc\3717764
-- 2001#$aСудебно-трасологическая экспертиза$eУчеб.-метод. пособие$f[Отв. ред. канд. юрид. наук Х.-М. Тахо-Годи]$gМ-во юстиции СССР. Всесоюз. науч.-исслед. ин-т судебных экспертиз. Вып. 2$vВып. 5
Системный номер (АБИС) связанной записи 7907410
Место публикации Москва
Дата публикации 1971-
Первые сведения об ответственности [Отв. ред. канд. юрид. наук Х.-М. Тахо-Годи]
Имя издателя, распространителя и т.д. Б. и.
Сведения, относящиеся к заглавию Учеб.-метод. пособие
Заглавие Судебно-трасологическая экспертиза
Номер тома Вып. 5
532 13 - РАСШИРЕННОЕ ЗАГЛАВИЕ
Заглавие Экспертиза механических повреждений одежды
702 #1 - ИМЯ ЛИЦА - ВТОРИЧНАЯ ОТВЕТСТВЕННОСТЬ
Начальный элемент ввода Розанов
Часть имени, кроме начального элемента ввода М.И.
Код отношения Прочие
702 #1 - ИМЯ ЛИЦА - ВТОРИЧНАЯ ОТВЕТСТВЕННОСТЬ
Связь между полями z02790
Начальный элемент ввода Тахо-Годи
Часть имени, кроме начального элемента ввода Х.М.
Код отношения Прочие
702 #1 - ИМЯ ЛИЦА - ВТОРИЧНАЯ ОТВЕТСТВЕННОСТЬ
Начальный элемент ввода Голдованский
Часть имени, кроме начального элемента ввода Ю.П.
Код отношения Прочие
790 #1 - ИМЯ ЛИЦА - АЛЬТЕРНАТИВНАЯ ФОРМА
Связь между полями z02702
Начальный элемент ввода Годи
Часть имени, кроме начального элемента ввода Х.М.
801 #0 - ИСТОЧНИК ЗАПИСИ
Страна Российская Федерация
Организация NLR
Правила каталогизации psbo
801 #1 - ИСТОЧНИК ЗАПИСИ
Страна Российская Федерация
Организация ELAR
Источник данных rusmarc
852 ## - МЕСТОНАХОЖДЕНИЕ И ШИФР ХРАНЕНИЯ
Идентификатор организации NLR
Шифр хранения (Call Number) 72-50К/1773
942 ## - ДОПОЛНИТЕЛЬНЫЕ ЭЛЕМЕНТЫ ЗАПИСИ (АБИС)
Тип экземпляра АБИС Книга
980 ## - КОЛЛЕКЦИЯ
Название коллекции Национальная библиография
Экземпляры
Тип экземпляра Дата поступления Библиотека постоянного хранения Библиотека текущего хранения Место хранения Шифр хранения Штрих-код Статус экземпляра
Книга 26.10.2013 РНБ (Московский) РНБ (Московский) Фонд литературы для служебного пользования 72-50К/1773 7879250-10